A Core curriculum : (Record no. 11865)

000 -LEADER
fixed length control field 01226pam a2200289 a 4500
001 - CONTROL NUMBER
control field 3448596
005 - DATE AND TIME OF LATEST TRANSACTION
control field 20190416020053.0
008 - FIXED-LENGTH DATA ELEMENTS--GENERAL INFORMATION
fixed length control field 920130s1992 vaua b 000 0 eng
010 ## - LIBRARY OF CONGRESS CONTROL NUMBER
LC control number 92006996
020 ## - INTERNATIONAL STANDARD BOOK NUMBER
International Standard Book Number 0873533097 (set)
020 ## - INTERNATIONAL STANDARD BOOK NUMBER
International Standard Book Number 0873533283 (vol.) :
Terms of availability $17.00
040 ## - CATALOGING SOURCE
Original cataloging agency DLC
Transcribing agency DLC
Modifying agency DLC
050 00 - LIBRARY OF CONGRESS CALL NUMBER
Classification number QA11
Item number .M482 1992
082 00 - DEWEY DECIMAL CLASSIFICATION NUMBER
Classification number 510/.712
Edition number 20
245 02 - TITLE STATEMENT
Title A Core curriculum :
Remainder of title making mathematics count for everyone /
Statement of responsibility, etc. Steven P. Meiring ... [et al.].
260 ## - PUBLICATION, DISTRIBUTION, ETC. (IMPRINT)
Place of publication, distribution, etc. Reston, Va. :
Name of publisher, distributor, etc. National Council of Teachers of Mathematics,
Date of publication, distribution, etc. c1992.
300 ## - PHYSICAL DESCRIPTION
Extent viii, 150 p. :
Other physical details ill. (some col.) ;
Dimensions 28 cm.
440 #0 - SERIES STATEMENT/ADDED ENTRY--TITLE
Title Curriculum and evaluation standards for school mathematics addenda series.
Name of part/section of a work Grades 9-12
504 ## - BIBLIOGRAPHY, ETC. NOTE
Bibliography, etc Includes bibliographical references (p. 143-150).
650 #0 - SUBJECT ADDED ENTRY--TOPICAL TERM
Topical term or geographic name as entry element Mathematics
General subdivision Study and teaching (Secondary)
650 #0 - SUBJECT ADDED ENTRY--TOPICAL TERM
Topical term or geographic name as entry element Education
General subdivision Curricula.
700 1# - ADDED ENTRY--PERSONAL NAME
Personal name Meiring, Steven P.
710 2# - ADDED ENTRY--CORPORATE NAME
Corporate name or jurisdiction name as entry element National Council of Teachers of Mathematics.
906 ## - LOCAL DATA ELEMENT F, LDF (RLIN)
a 7
b cbc
c orignew
d 1
e ocip
f 19
g y-gencatlg
942 ## - ADDED ENTRY ELEMENTS (KOHA)
Source of classification or shelving scheme
Koha item type Hard Covered Materials
Classification part QA 11 .M482 1992
Koha issues (borrowed), all copies 1
Holdings
Withdrawn status Lost status Source of classification or shelving scheme Damaged status Not for loan Home library Current library Shelving location Date acquired Source of acquisition Total Checkouts Full call number Barcode Date last seen Date last checked out Price effective from Koha item type
          MACHAKOS UNIVERSITY LIBRARY MACHAKOS UNIVERSITY LIBRARY Open shelf 13/07/2016 Donation (BFA) 1 QA 11 .M482 1992 20875 26/04/2019 15/04/2019 13/07/2016 Hard Covered Materials
© Machakos University Library, Along The Highway, Machakos Wote Rd, Machakos, Kenya P.O. Box 136 - 90100 Machakos - Kenya

Tel: ( +254 ) 723 805829 OR Fax : 044-20353 OR Email: library@mksu.ac.ke